000
00260nam a22001097a 4500
082
_a
621.3745 KID'E
100
_a
KIDWELL, W
_9
77765
245
_a
ELECTRICAL INSTRUMENTS AND MEASUREMENT
260
_a
NEWYORK
_b
MCGRAW HILL
_c
1969
300
_a
449P
942
_c
BK
999
_c
582982
_d
582982